| 000 | 01116nam a2200229Ii 4500 | ||
|---|---|---|---|
| 003 | JO-AjNU | ||
| 008 | 230605s9999||||xx |||||||||||||| ||und|| | ||
| 017 | _a2005/3/497 | ||
| 020 | _a9957-16-073-7 | ||
| 040 |
_aJO-AjNU _bara _erda _cJO-AjNU |
||
| 041 | _aara | ||
| 050 | 1 | 4 | _aBP878.R47.M5422 2005 |
| 100 | 3 |
_aملحم، أحمد سالم, _eauthor _929342 |
|
| 245 | 0 | 0 | _aبيع المرابحة وتطبيقاته في المصارف الإسلامية: دراسة فقهية مقارنة تبين حقيقة المرابحة بصورتيها البسيطة والمركبة والممارسات النظرية والعملية لبيع المرابحة للآمر بالشراء في المصارف الإسلامية |
| 250 | _aط1/اصدار اول | ||
| 264 | 3 | 1 | _aعمان: دار الثقافة للنشر والتوزيع، 2005 |
| 300 |
_a308ص _bالمراجع والمصادر ص 289-304 |
||
| 336 |
_atext _btxt _2rdacontent |
||
| 337 |
_aunmediated _bn _2rdamedia |
||
| 338 |
_avolume _bnc _2rdacarrier |
||
| 650 | 4 |
_aالمرابحة- فقه اسلامي- البنوك الاسلامية _929343 |
|
| 999 |
_aA11494 _c15062 _d15062 |
||